The Russia hand : (Record no. 127100)

MARC details
000 -LEADER
campo de control de longitud fija 01380nam a22002297a 4500
003 - IDENTIFICADOR DE NÚMERO DE CONTROL
campo de control BJBSDDR
005 - FECHA Y HORA DE LA ÚLTIMA TRANSACCIÓN
campo de control 20260514153240.0
007 - CAMPO FIJO DE DESCRIPCIÓN FÍSICA--INFORMACIÓN GENERAL
campo de control de longitud fija ta
008 - DATOS DE LONGITUD FIJA--INFORMACIÓN GENERAL
campo de control de longitud fija 260514s2002 nyu||||| |||| 00| 0 eng d
020 ## - NÚMERO INTERNACIONAL ESTÁNDAR DEL LIBRO
Número Internacional Estándar del Libro 9780375507144
020 ## - NÚMERO INTERNACIONAL ESTÁNDAR DEL LIBRO
Número Internacional Estándar del Libro 0375507140
040 ## - FUENTE DE CATALOGACIÓN
Lengua de catalogación spa
Centro/agencia transcriptor BJBSDDR
041 ## - CÓDIGO DE IDIOMA
Código de lengua del texto/banda sonora o título independiente eng
050 ## - SIGNATURA TOPOGRÁFICA DE LA BIBLIOTECA DEL CONGRESO
Número de ítem T142 2002
100 1# - ENTRADA PRINCIPAL--NOMBRE DE PERSONA
Nombre de persona Talbott, Strobe
9 (RLIN) 48457
245 14 - MENCIÓN DEL TÍTULO
Título The Russia hand :
Resto del título a memoir of presidential diplomacy /
Mención de responsabilidad, etc. Strobe Talbott
260 ## - PUBLICACIÓN, DISTRIBUCIÓN, ETC.
Lugar de publicación, distribución, etc. New York :
Nombre del editor, distribuidor, etc. Random House,
Fecha de publicación, distribución, etc. 2002
300 ## - DESCRIPCIÓN FÍSICA
Extensión x, 478 pages :
Otras características físicas illustrations ;
Dimensiones 25 cm
520 ## - RESUMEN, ETC.
Sumario, etc. In the eight years Bill Clinton was president, as Russia lurched from crisis to crisis, each one more horrifying than the last, Clinton and his foreign-policy team found they faced no greater task than helping to keep Russia stable and at peace with herself and her neighbors. Strobe Talbott’s mesmerizing account of this struggle reveals what a close-run thing this was, and how much the relationship between George W. Bush and Vladimir Putin has been defined by the work of Bill Clinton. <br/> <br/>Written with a novelistic richness and energy, The Russia Hand is the first great book about war and peace in the post-Cold War world. It is also the one book anyone needs to understand Russia’s fateful transformation and future possibilities after ten years as a democracy
942 ## - ELEMENTOS DE ENTRADA SECUNDARIOS (KOHA)
Fuente del sistema de clasificación o colocación Clasificación de Library of Congress
Suprimir en OPAC No
Tipo de ítem Koha Libro
946 ## - PROCESAMIENTO DE INFORMACIÓN LOCAL (OCLC)
Iniciales del agente catalogador cmc
Holdings
Estatus retirado Estado de pérdida Fuente del sistema de clasificación o colocación Estado de daño No para préstamo Colección Biblioteca de origen Biblioteca actual Ubicación en estantería Fecha de adquisición Signatura topográfica completa Código de barras Visto por última vez Copia número Tipo de ítem Koha
    Clasificación de Library of Congress     Automatización y Procesos Técnicos Biblioteca Juan Bosch Biblioteca Juan Bosch Automatización y Procesos Técnicos (1er. Piso) 14/05/2026 T142 2002 00000199801 14/05/2026 1 Libro